Testo di Sarà perché ti amo - Statistics

Statistiche generali
  • Questo quiz è stato fatto 922 volte
  • Il punteggio medio è 223 su 274
Statistiche sulle risposte
Testo % Corretto
c'
99%
sa,
99%
amo,
98%
amo.
98%
amo
98%
per
98%
ti
98%
è
97%
e
97%
E
97%
è-
97%
perchè
97%
perché
97%
Sarà
97%
sarà
97%
un'
95%
Che
94%
che
94%
con
94%
confusione.
91%
confusione
91%
confusione,
91%
confusione!
91%
piano
91%
emozione,
90%
Se
90%
se
90%
più
89%
si
88%
forte,
87%
vicino.
86%
vicino,
86%
vicino
86%
vola
86%
vola,
86%
ci
85%
l'
84%
cresce
83%
al
82%
bene,
82%
stammi
82%
me,
81%
me-
81%
stringimi
81%
Stringimi
81%
amore
80%
una
80%
di
78%
te
78%
te.
78%
non
77%
va
77%
va,
77%
va-
77%
in
76%
ma
76%
Ma
76%
sempre
76%
alto
75%
il
75%
sto
74%
far
73%
canzone,
72%
canzone
72%
dentro
71%
mondo
71%
sola
69%
basta
68%
fuori
67%
matto
64%
matto,
64%
primavera,
61%
Cade
60%
cade
60%
Io
59%
ne
59%
stella,
59%
ritmo
58%
frega,
57%
tuo
56%
respiro,
55%
siamo
54%
strano
53%
del
52%
canto
51%
cosa
51%
dove
51%
mi
49%
dimmi
48%
dimmi,
48%
dolce
47%
spostiamo;
46%
tutto,
46%
allora
45%
noi
44%
dopo
41%
bello
34%
amiamo.
32%
così
32%
vero
31%
sembra
29%
almeno
26%
Nessun quiz corrispondente trovato
Distribuzione punteggi
Percentuale di utenti per punteggio
Percentile per numero di risposta
I tuoi punteggi nel tempo
Non hai fatto questo quiz